000 00337nam a22001457a 4500
008 210308b ||||| |||| 00| 0 eng d
020 _a0801642248
041 _aeng
080 _a610.73
082 _a610.73
100 _a2
101 _aINF
245 _aAdvanced Neurological and Neurosurgical Nursing
_cRudy,B.E
942 _2udc
_cBK
999 _c55998
_d55998